Perspective of the Constitution for Europe

Z histórie európskej ústavy. Obsah ústavy. Termín "ústava". Potrebuje Európa ústavu?

Salvato in:
Dettagli Bibliografici
Autore principale: Jurík, Roman
Natura: Capitolo di libro
Lingua:inglese
Soggetti:
Tags: Aggiungi Tag
Nessun Tag, puoi essere il primo ad aggiungerne!!

MARC

LEADER 00000nla$a2200000$$$4500
001 0082908
005 20240502083220.9
041 0 |a eng 
044 |a CZ 
245 1 0 |a Perspective of the Constitution for Europe  |c Roman Jurík 
520 |a Z histórie európskej ústavy. Obsah ústavy. Termín "ústava". Potrebuje Európa ústavu? 
610 2 0 |a ústava 
610 2 0 |a história 
610 2 0 |a Európska únia 
610 2 0 |a Európa 
100 1 |a Jurík, Roman